Aportación al conocimiento histológico e histogénico del xantoma / (Record no. 185624)

MARC details
000 -LEADER
campo de control de longitud fija 00900nam a2200193 i 4500
001 - NÚMERO DE CONTROL
campo de control 185624
003 - IDENTIFICADOR DE NÚMERO DE CONTROL
campo de control ES-MaACL
005 - FECHA Y HORA DE LA ÚLTIMA TRANSACCIÓN
campo de control 20250812224532.0
008 - DATOS DE LONGITUD FIJA--INFORMACIÓN GENERAL
campo de control de longitud fija 160728s1932 sp |||| | spa d
100 1# - ENTRADA PRINCIPAL--NOMBRE DE PERSONA
Nombre de persona Cárdenas Pupo, M. D.
9 (RLIN) 160231
245 10 - MENCIÓN DEL TÍTULO
Título Aportación al conocimiento histológico e histogénico del xantoma /
Mención de responsabilidad, etc. M. D. Cárdenas Pupo.
260 ## - PUBLICACIÓN, DISTRIBUCIÓN, ETC.
Lugar de publicación, distribución, etc. [Madrid] : Laboratorio e Histopagología de la Junta para Ampliación de Estudios,
Fecha de publicación, distribución, etc. 1932.
300 ## - DESCRIPCIÓN FÍSICA
Extensión 15 h. :
Otras características físicas il. ;
Dimensiones 25 cm.
490 1# - MENCIÓN DE SERIE
Mención de serie Trabajos del Laboratorio de Histopatología de la Junta para Ampliación de Estudios ;
Designación de volumen o secuencia 102
500 ## - NOTA GENERAL
Nota general Es tirada aparte de Archivos Españoles de Oncología, Tº III, cuaderno 2º, diciembre, p. 195-224.
830 00 - PUNTO DE ACCESO ADICIONAL DE SERIE-TÍTULO UNIFORME
Título uniforme Trabajos del Laboratorio de Histopatología de la Junta para Ampliación de Estudios
Designación de volumen o secuencia 102
9 (RLIN) 184307
852 ## - LOCALIZACIÓN
Ubicación ES-MaACL
Número de control de estantería B-13355(7)
Holdings
Estatus retirado Estado de pérdida Estado de daño No para préstamo Biblioteca de origen Biblioteca actual Ubicación en estantería Fecha de adquisición Fuente de adquisición Total de préstamos Signatura topográfica completa Código de barras Visto por última vez Precio de reemplazo Tipo de ítem Koha
        Biblioteca del Ateneo de Madrid Biblioteca del Ateneo de Madrid Sala Pardo Bazán 28/07/2016     B-13355(7) 1195671 23/02/2023 23/02/2023 Libro impreso